Mittelalterliche Plastik in Spanien (Record no. 7816)

MARC details
000 -CABECERA
campo de control de longitud fija 00677nam a2200241 a 4500
001 - NÚMERO DE CONTROL
campo de control BRCA_8148
005 - FECHA Y HORA DE LA ÚLTIMA TRANSACCIÓN
campo de control 20190320210143.0
008 - DATOS DE LONGITUD FIJA--INFORMACIÓN GENERAL
campo de control de longitud fija 280414s1922----gw-a###f##---#001-0#ger-#
041 ## - CÓDIGO DE LENGUA
Código de lengua del texto/banda sonora o título independiente ger
044 ## - CÓDIGO DEL PAÍS DE LA ENTIDAD EDITORA/PRODUCTORA
Código MARC del país gw
050 #4 - SIGNATURA TOPOGRÁFICA DE LA BIBLIOTECA DEL CONGRESO
Número de clasificación NB1160
Número de documento/Ítem M3 2 1922
100 1# - ENTRADA PRINCIPAL--NOMBRE DE PERSONA
Nombre de persona Mayer, August L.
9 (RLIN) 20306
245 10 - MENCIÓN DE TÍTULO
Título Mittelalterliche Plastik in Spanien
Mención de responsabilidad, etc. August L. Mayer.
260 ## - PUBLICACIÓN, DISTRIBUCIÓN, ETC.
Lugar de publicación, distribución, etc. Munchen
Nombre del editor, distribuidor, etc. Delphin
Fecha de publicación, distribución, etc. 1922
300 ## - DESCRIPCIÓN FÍSICA
Extensión 29 p.
Otras características físicas il., fot. 40 láminas
Dimensiones 34 cm.
500 ## - NOTA GENERAL
Nota general Ver también T69
500 ## - NOTA GENERAL
Nota general X26
650 14 - PUNTO DE ACCESO ADICIONAL DE MATERIA--TÉRMINO DE MATERIA
Término de materia o nombre geográfico como elemento de entrada Artes plásticas
Subdivisión geográfica España
9 (RLIN) 18869
650 14 - PUNTO DE ACCESO ADICIONAL DE MATERIA--TÉRMINO DE MATERIA
Término de materia o nombre geográfico como elemento de entrada Escultura medieval
Subdivisión geográfica España
9 (RLIN) 4236
650 14 - PUNTO DE ACCESO ADICIONAL DE MATERIA--TÉRMINO DE MATERIA
Término de materia o nombre geográfico como elemento de entrada Artes decorativas
Subdivisión geográfica España
9 (RLIN) 11687
902 ## - CATALOGADOR
Iniciales GFM
942 ## - ELEMENTOS DE PUNTO DE ACCESO ADICIONAL (KOHA)
Fuente del sistema de clasificación o colocación Library of Congress Classification
Tipo de ítem Koha Libros
Holdings
Estado de retiro Estado de pérdida Estado dañado No para préstamo Localización permanente Ubicación/localización actual Fecha de adquisición Número de inventario Total de préstamos Signatura topográfica completa Código de barras Fecha visto por última vez Precio válido a partir de Tipo de ítem Koha
El ejemplar forma parte de la colección y puede ser consultado según las políticas vigentes.       Biblioteca del Museo Franz Mayer (Rogerio Casas-Alatriste) Biblioteca del Museo Franz Mayer (Rogerio Casas-Alatriste) 28/04/2014 X26   NB1160 M3 2 1922 (X26) 8772 22/03/2019 22/03/2019 Libros